Razón Práctica y Discurso Social Latinoamericano : El "Pensamiento Fuerte· de Alberdi, Betances, Hostos, Martí y Ugarte /
Guardat en:
| Altres autors: | |
|---|---|
| Format: | Desconegut |
| Idioma: | Spanish |
| Publicat: |
Buenos Aires, Argentina :
Biblos,
2000.
|
| Col·lecció: | (Estudios Sociales)
|
| Matèries: | |
| Etiquetes: |
Afegir etiqueta
Sense etiquetes, Sigues el primer a etiquetar aquest registre!
|
MARC
| LEADER | 000000000a22000000004500 | ||
|---|---|---|---|
| 001 | 003070 | ||
| 020 | |a 9507862463 | ||
| 041 | 0 | |a spa | |
| 082 | 0 | 4 | |a 199.8 |b R278r |
| 245 | 0 | 0 | |a Razón Práctica y Discurso Social Latinoamericano : |b El "Pensamiento Fuerte· de Alberdi, Betances, Hostos, Martí y Ugarte / |c Adriana Arpini, editora. |
| 260 | 1 | |a Buenos Aires, Argentina : |b Biblos, |c 2000. | |
| 300 | |a 160 páginas ; |c 23x16 cm. | ||
| 490 | 1 | |a (Estudios Sociales) | |
| 650 | 4 | |a ETICA | |
| 650 | 4 | |a AMERICA LATINA | |
| 650 | 4 | |a FILOSOFIA LATINOAMERICANA | |
| 650 | 4 | |a SIGLO XX | |
| 650 | 4 | |a ALBERDI, JUAN BAUTISTA, 1810-1884 | |
| 650 | 4 | |a BETANCES, RAMON EMETEREO, 1827-1898 | |
| 650 | 4 | |a HOSTOS Y BONILLA, EUGENIA MARIA, 1839-1903 | |
| 650 | 4 | |a MARTI, JOSE, 1853-1895 | |
| 650 | 4 | |a UGARTE, MANUEL, 1878-1951 | |
| 700 | 1 | |a Arpini, Adriana, |e editora | |
| 999 | |c 9381 |d 9381 | ||
| 942 | |c BK |h 199.8 R278r |2 z | ||



